Statistiques concernant les jours de la semaine en 15 secondes

Cliquez ici pour prendre le quiz!

Statistiques générales

  • Ce quiz a été pris 400 fois
  • Le résultat moyen est 6 sur 7

Statistiques - réponses

réponses% Correct
lundi
99%
mardi
95%
mercredi
86%
jeudi
79%
samedi
73%
vendredi
73%
dimanche
68%

Distribution des résultats

Percentile par nombre de réponses

% des personnes avec chaque résultat

Votre développement - résultats

Vous n’avez pas pris ce quiz